| 000 | 00915cab a2200313 4500 | ||
|---|---|---|---|
| 001 | ABS49627 | ||
| 008 | 090401t xxu||||| |||| 00| 0 eng d | ||
| 035 | _a(Sirsi) u72000 | ||
| 041 | _aeng | ||
| 245 | _aEstates Times survey: North Yorks and Humberside | ||
| 350 | _a0 | ||
| 490 |
_aEstates Times _v(1213) 19 November1 993, 12-20(9) |
||
| 650 | _aCLIFTON MOOR | ||
| 650 | _aFACTORY SHOPPING VILLAGE | ||
| 650 | _aHARROGATE | ||
| 650 | _aHORNSEA | ||
| 650 | _aHULL | ||
| 650 | _aHUMBERSIDE | ||
| 650 | _aINDUSTRIAL MARKET | ||
| 650 | _aNORTH YORKSHIRE | ||
| 650 | _aPROPERTY-COMMERCIAL PROPERTY-OFFICE PROPERTY-OFFICE PROPERTY MARKET | ||
| 650 | _aOFFICE RENTS | ||
| 650 | _aPROPERTY-COMMERCIAL PROPERTY-RETAIL PROPERTY-RETAIL PROPERTY MARKET | ||
| 650 | _aRIPON | ||
| 650 | _aYORK | ||
| 690 | _aPROPERTY-COMMERCIAL PROPERTY-COMMERCIAL PROPERTY MARKET | ||
| 942 | _n0 | ||
| 948 | _c04/03/1997 | ||
| 999 |
_c45418 _d45418 |
||